[Event "España ch sub-12 2012"]
[Site "Salobreña ESP"]
[Date "2012.07.06"]
[Round "8.11"]
[White "Ros Alonso, Jaume"]
[Black "Tevar Becerra, Alvaro"]
[Result "1-0"]
[WhiteElo "1713"]
[BlackElo "1578"]
[PlyCount "41"]
[EventDate "2012.07.02"]
[EventType "swiss"]
[EventRounds "9"]
[EventCountry "ESP"]
[Source "lmi"]
[SourceDate "2012.07.02"]

1. e4 e5 2. Nf3 Nc6 3. d4 exd4 4. Nxd4 g6 5. Nxc6 bxc6 6. Nc3 Bg7 7. Bc4 Ne7 8.
O-O Bb7 9. Re1 O-O 10. Bg5 Kh8 11. e5 f6 12. exf6 Bxf6 13. Bxf6+ Rxf6 14. Ne4
Nf5 15. Nxf6 Qxf6 16. Qxd7 Ng7 17. Qxc7 Qxb2 18. Rab1 Qc3 19. Qxb7 Rf8 20. Qb4
Qxc2 21. Qxf8# 1-0

[Event "España ch sub-12 2012"]
[Site "Salobreña ESP"]
[Date "2012.07.06"]
[Round "8.12"]
[White "Jausas Lopez, Andrea"]
[Black "Soto Martin, Pablo"]
[Result "0-1"]
[WhiteElo "1553"]
[BlackElo "1707"]
[PlyCount "132"]
[EventDate "2012.07.02"]
[EventType "swiss"]
[EventRounds "9"]
[EventCountry "ESP"]
[Source "lmi"]
[SourceDate "2012.07.02"]

1. e4 e5 2. Nf3 Nc6 3. Bb5 Bc5 4. O-O Nge7 5. c3 Bb6 6. d4 exd4 7. cxd4 d5 8.
exd5 Nxd5 9. Re1+ Be6 10. Bg5 Qd6 11. Nbd2 O-O 12. Nc4 Qb4 13. a4 a5 14. Bd2
Qe7 15. Bxc6 bxc6 16. Nce5 c5 17. dxc5 Qxc5 18. Rf1 f6 19. Rc1 Qe7 20. Nc6 Qf7
21. Nfd4 Bd7 22. Re1 Rfe8 23. Qf3 Bxd4 24. Nxd4 Rxe1+ 25. Rxe1 Bxa4 26. Ra1 Bd7
27. Rxa5 Rxa5 28. Bxa5 Nb6 29. Qb3 Qxb3 30. Nxb3 Kf7 31. Kf1 g6 32. Ke2 f5 33.
g3 Ke6 34. Kd3 Kd5 35. f4 Nc4 36. Bxc7 Nxb2+ 37. Ke3 Nc4+ 38. Kd3 Bb5 39. Nd4
Ba6 40. Bb8 Ne5+ 41. Kc3 Ng4 42. h4 Ke4 43. Ba7 Nf6 44. Nc2 Kf3 45. Nb4 Bb5 46.
Bd4 Ne4+ 47. Kc2 Kxg3 48. Nd5 Kxh4 49. Kd1 Kg4 50. Ke1 Bc4 51. Ne3+ Kxf4 52.
Nxc4 Kg3 53. Kf1 g5 54. Ne3 f4 55. Nc4 h5 56. Kg1 g4 57. Kh1 f3 58. Kg1 f2+ 59.
Kf1 Kh2 60. Bxf2 Nxf2 61. Kxf2 g3+ 62. Ke2 h4 63. Nd2 g2 64. Nf3+ Kh1 65. Kf2
h3 66. Kg3 h2 0-1

[Event "España ch sub-12 2012"]
[Site "Salobreña ESP"]
[Date "2012.07.06"]
[Round "8.13"]
[White "Plazuelo Pascual, Juan"]
[Black "Germes Ibañez, Ricardo"]
[Result "1-0"]
[BlackElo "1556"]
[PlyCount "99"]
[EventDate "2012.07.02"]
[EventType "swiss"]
[EventRounds "9"]
[EventCountry "ESP"]
[Source "lmi"]
[SourceDate "2012.07.02"]
[WhiteElo "1703"]

1. e4 e5 2. Nf3 Nc6 3. Bb5 a6 4. Ba4 Nf6 5. O-O Be7 6. Re1 b5 7. Bb3 O-O 8. c3
d5 9. exd5 Nxd5 10. Nxe5 Nxe5 11. Rxe5 c6 12. d4 Bd6 13. Re1 Qh4 14. g3 Qh3 15.
Re4 g5 16. Qf1 Qh5 17. Bd1 Qg6 18. Nd2 f5 19. Re1 f4 20. Ne4 fxg3 21. hxg3 Bf5
22. Nxd6 Qxd6 23. Bxg5 Qg6 24. Be3 Bd3 25. Be2 Be4 26. Bd2 Nf4 27. Bxf4 Rxf4
28. Qh3 Raf8 29. Bh5 Qg5 30. Qe6+ Kh8 31. Rxe4 Rxe4 32. Qxe4 Qxh5 33. Qe5+ Qxe5
34. dxe5 Re8 35. Re1 Kg7 36. e6 Kf6 37. e7 Rxe7 38. Rxe7 Kxe7 39. Kg2 Kf6 40.
f4 h5 41. Kf3 Kf5 42. b4 Kf6 43. Ke4 Ke6 44. a3 Kd6 45. f5 Ke7 46. Ke5 Kf7 47.
f6 Kf8 48. Ke6 Ke8 49. f7+ Kf8 50. Kf6 1-0

[Event "España ch sub-12 2012"]
[Site "Salobreña ESP"]
[Date "2012.07.06"]
[Round "8.14"]
[White "Puga Sanchez, Miguel"]
[Black "Lledo Moll, Carles"]
[Result "1/2-1/2"]
[WhiteElo "1670"]
[BlackElo "1551"]
[PlyCount "59"]
[EventDate "2012.07.02"]
[EventType "swiss"]
[EventRounds "9"]
[EventCountry "ESP"]
[Source "lmi"]
[SourceDate "2012.07.02"]

1. e4 e5 2. Nf3 Nc6 3. d4 exd4 4. Bc4 Nf6 5. e5 Ne4 6. Bd5 Bb4+ 7. Bd2 Nxd2 8.
Nbxd2 d6 9. Bxc6+ bxc6 10. Nxd4 Qg5 11. c3 Qxe5+ 12. Qe2 Qxe2+ 13. Kxe2 Bc5 14.
Rae1 Bxd4 15. cxd4 O-O 16. Kd1 Rb8 17. Kc1 Be6 18. b3 Bd5 19. Nf3 Rfe8 20. Kd2
Rxe1 21. Rxe1 Bxf3 22. gxf3 Kf8 23. Rc1 Rb6 24. Kd3 Ke7 25. f4 f5 26. h4 g6 27.
f3 h5 28. Rg1 Kf6 29. Rc1 Kf7 30. Rc2 1/2-1/2

[Event "España ch sub-12 2012"]
[Site "Salobreña ESP"]
[Date "2012.07.06"]
[Round "8.15"]
[White "Lacruz Algarate, Alvaro"]
[Black "Iglesias Feijoo, Alberto"]
[Result "1-0"]
[WhiteElo "1363"]
[BlackElo "1660"]
[PlyCount "61"]
[EventDate "2012.07.02"]
[EventType "swiss"]
[EventRounds "9"]
[EventCountry "ESP"]
[Source "lmi"]
[SourceDate "2012.07.02"]

1. e4 e6 2. d4 d5 3. Nd2 dxe4 4. Nxe4 Nd7 5. Nf3 Ngf6 6. Nxf6+ Nxf6 7. c3 Be7
8. Ne5 O-O 9. Bd3 c6 10. Qe2 Qd5 11. O-O c5 12. Be3 a6 13. a4 cxd4 14. Bxd4 Bc5
15. Bc4 Qd6 16. Rad1 Bxd4 17. Rxd4 Qc7 18. Rfd1 b6 19. b3 b5 20. axb5 axb5 21.
Bxb5 Nd5 22. Rc4 Qa5 23. Rxd5 exd5 24. Ra4 Qxc3 25. Rxa8 f6 26. Nf3 Qxb3 27.
Rxc8 Qb1+ 28. Ne1 Rxc8 29. Qe6+ Kf8 30. Qxc8+ Ke7 31. Qd7+ 1-0

[Event "España ch sub-12 2012"]
[Site "Salobreña ESP"]
[Date "2012.07.06"]
[Round "8.16"]
[White "Guerrero Orihuela, Jose Luis"]
[Black "Zapata Caparros, Sergio"]
[Result "0-1"]
[BlackElo "1653"]
[PlyCount "120"]
[EventDate "2012.07.02"]
[EventType "swiss"]
[EventRounds "9"]
[EventCountry "ESP"]
[Source "lmi"]
[SourceDate "2012.07.02"]
[WhiteElo "1491"]

1. d4 f5 2. e4 fxe4 3. Nc3 Nf6 4. Bg5 Nc6 5. Bxf6 exf6 6. Bc4 Bb4 7. Qh5+ g6 8.
Qd5 Qe7 9. O-O-O Bxc3 10. bxc3 Qe6 11. Re1 Qxd5 12. Bxd5 f5 13. f3 Ne7 14. fxe4
fxe4 15. Bxe4 Kf7 16. Nf3 d5 17. Ne5+ Kg7 18. Bd3 Nf5 19. Rhf1 Nd6 20. c4 dxc4
21. Nxc4 Nxc4 22. Bxc4 Kh6 23. Rf4 Bf5 24. Re7 Rac8 25. g4 Kg5 26. Rf1 Kxg4 27.
Bd5 b6 28. c3 Kg5 29. Bb7 Rce8 30. Rfe1 Rxe7 31. Rxe7 c5 32. d5 Kf6 33. Rc7 Ke5
34. Kd2 Kd6 35. Rf7 h5 36. c4 Re8 37. Bc6 Re4 38. Bb5 Rh4 39. Rxa7 Rxh2+ 40.
Ke3 h4 41. Rb7 Rxa2 42. Rxb6+ Ke5 43. d6 Ra3+ 44. Kf2 Rd3 45. d7 Bxd7 46. Bxd7
Rxd7 47. Rxg6 Rd4 48. Rg5+ Kd6 49. Rh5 Rxc4 50. Ke3 Rg4 51. Kd3 c4+ 52. Kc3 Ke6
53. Rh8 Rf4 54. Rh5 Kf6 55. Rh8 Kf5 56. Rg8 h3 57. Rh8 Kg4 58. Rg8+ Kf3 59. Rg1
h2 60. Rf1+ Kg3 0-1

[Event "España ch sub-12 2012"]
[Site "Salobreña ESP"]
[Date "2012.07.06"]
[Round "8.17"]
[White "Sanchez Serrano, Emilio"]
[Black "Povill Claros, Xavier"]
[Result "0-1"]
[WhiteElo "1469"]
[BlackElo "1630"]
[PlyCount "118"]
[EventDate "2012.07.02"]
[EventType "swiss"]
[EventRounds "9"]
[EventCountry "ESP"]
[Source "lmi"]
[SourceDate "2012.07.02"]

1. Nf3 e6 2. d4 Nf6 3. c4 b6 4. Nc3 Bb4 5. Bd2 Bb7 6. e3 c5 7. a3 Bxc3 8. Bxc3
d6 9. Bd3 Nbd7 10. O-O O-O 11. Nd2 Qe7 12. f3 Rac8 13. Nb3 Rfd8 14. e4 e5 15.
d5 Ne8 16. f4 exf4 17. Qg4 Ne5 18. Qh3 f3 19. Bxe5 fxg2 20. Qxg2 dxe5 21. Kh1
Rd6 22. Rf3 Rg6 23. Rg3 Qh4 24. Rxg6 hxg6 25. Nd2 Qh6 26. Qf2 f6 27. Rf1 Nd6
28. Nf3 Qf4 29. Nh4 Qxf2 30. Rxf2 g5 31. Nf5 Nxf5 32. Rxf5 Rd8 33. b4 Rd6 34.
Rf1 g6 35. Rb1 Ba6 36. b5 Bb7 37. Rf1 Kg7 38. Be2 Bc8 39. Bd3 Rd8 40. a4 Rf8
41. Kg2 f5 42. exf5 gxf5 43. Bc2 Rf6 44. Rd1 Rd6 45. Kf2 Kf6 46. Rh1 Rd7 47. h3
Rh7 48. Kg2 Rh4 49. Bb3 f4 50. Bc2 Bf5 51. Bxf5 Kxf5 52. Rd1 Rh7 53. Rd3 e4 54.
Rd1 e3 55. Re1 Ke4 56. Re2 f3+ 57. Kf1 fxe2+ 58. Kxe2 Rxh3 59. Kd1 Ke5 0-1

[Event "España ch sub-12 2012"]
[Site "Salobreña ESP"]
[Date "2012.07.06"]
[Round "8.18"]
[White "Motos Abellan, Daniel"]
[Black "Diez Villace, Victor"]
[Result "1/2-1/2"]
[WhiteElo "1620"]
[BlackElo "1521"]
[PlyCount "75"]
[EventDate "2012.07.02"]
[EventType "swiss"]
[EventRounds "9"]
[EventCountry "ESP"]
[Source "lmi"]
[SourceDate "2012.07.02"]

1. d4 e6 2. c4 d5 3. Nc3 Nf6 4. Nf3 Be7 5. e3 O-O 6. cxd5 exd5 7. Be2 c6 8. b3
Bb4 9. Bd2 Bf5 10. O-O Qc8 11. a3 Bxc3 12. Bxc3 Nbd7 13. Ne5 Re8 14. f4 Be4 15.
h3 h6 16. Qe1 Nxe5 17. fxe5 Nh7 18. Qf2 Qe6 19. Bg4 Qg6 20. Bf5 Bxf5 21. Qxf5
Qxf5 22. Rxf5 a5 23. h4 f6 24. exf6 Nxf6 25. Re1 Ne4 26. Bb2 Rf8 27. Re5 Rae8
28. Rxe8 Rxe8 29. Bc1 Rf8 30. Rf1 Rxf1+ 31. Kxf1 Kf7 32. Ke2 b5 33. b4 axb4 34.
axb4 Kf6 35. Kf3 Kf5 36. g4+ Ke6 37. h5 Kf6 38. Kf4 1/2-1/2

[Event "España ch sub-12 2012"]
[Site "Salobreña ESP"]
[Date "2012.07.06"]
[Round "8.21"]
[White "Ortin Blanco, Ainhoa"]
[Black "Castillo Dalmau, Albert"]
[Result "0-1"]
[WhiteElo "1605"]
[BlackElo "1466"]
[PlyCount "84"]
[EventDate "2012.07.02"]
[EventType "swiss"]
[EventRounds "9"]
[EventCountry "ESP"]
[Source "lmi"]
[SourceDate "2012.07.02"]

1. e4 c6 2. Nc3 d5 3. Nf3 dxe4 4. Nxe4 Bg4 5. Ng3 Bxf3 6. Qxf3 Nf6 7. Bc4 e6 8.
O-O Nbd7 9. Re1 Be7 10. c3 O-O 11. d4 Nb6 12. Bb3 Nbd5 13. Bg5 h6 14. Bxf6 Nxf6
15. Rad1 Qc7 16. Ne4 Rad8 17. Re3 b6 18. Red3 Rd7 19. c4 Rfd8 20. Nc3 a6 21. d5
exd5 22. cxd5 c5 23. Bc2 b5 24. Ne2 Kf8 25. Ng3 g6 26. Ne2 Kg7 27. g3 Qe5 28.
Nc3 b4 29. Na4 Rxd5 30. Rxd5 Rxd5 31. Rxd5 Qxd5 32. Qe2 Bf8 33. Bb3 Qc6 34. Qc4
Qc7 35. Qxa6 Bd6 36. Qb6 Qe7 37. Qc6 Qe1+ 38. Kg2 Ne4 39. Bd5 Qxf2+ 40. Kh3
Ng5+ 41. Kg4 Qf5+ 42. Kh4 Qh3# 0-1

[Event "España ch sub-12 2012"]
[Site "Salobreña ESP"]
[Date "2012.07.06"]
[Round "8.23"]
[White "Jimenez Lozano, Francisco Javier"]
[Black "Martin Cabrerizo, Francisco David"]
[Result "1-0"]
[PlyCount "97"]
[EventDate "2012.07.02"]
[EventType "swiss"]
[EventRounds "9"]
[EventCountry "ESP"]
[Source "lmi"]
[SourceDate "2012.07.02"]
[WhiteElo "1681"]
[BlackElo "1503"]

1. e4 d5 2. exd5 Nf6 3. c4 c6 4. dxc6 Nxc6 5. Nf3 e5 6. d3 e4 7. Qe2 Bb4+ 8.
Bd2 O-O 9. dxe4 Nxe4 10. Bxb4 Nxb4 11. a3 Re8 12. axb4 Nd6 13. Ne5 f6 14. f4
Nf7 15. Qd3 fxe5 16. Qxd8 Nxd8 17. fxe5 Rxe5+ 18. Kd2 Bf5 19. Nc3 Nc6 20. Nd5
Rd8 21. Kc3 Ne7 22. Rxa7 Nxd5+ 23. cxd5 Rdxd5 24. b3 Rd7 25. Bc4+ Kf8 26. b5
Rc7 27. Rf1 Ke7 28. Kb4 Be6 29. b6 Rd7 30. Bb5 Re4+ 31. Ka3 Rd6 32. Rxb7+ Bd7
33. Rxd7+ Rxd7 34. Bxd7 Kxd7 35. Rf7+ Kc8 36. Rxg7 Re2 37. Rxh7 Rxg2 38. h4 Rg6
39. b7+ Kb8 40. Ka4 Rf6 41. b4 Rf5 42. h5 Rf1 43. h6 Rh1 44. Kb5 Rh5+ 45. Ka6
Ra5+ 46. Kxa5 Ka7 47. Rg7 Kb8 48. h7 Ka7 49. b8=Q+ 1-0

[Event "España ch sub-12 2012"]
[Site "Salobreña ESP"]
[Date "2012.07.06"]
[Round "8.24"]
[White "Aledo Yanguas, Javier"]
[Black "Redondo Benavente, Ana Del Carmen"]
[Result "1-0"]
[BlackElo "1419"]
[PlyCount "81"]
[EventDate "2012.07.02"]
[EventType "swiss"]
[EventRounds "9"]
[EventCountry "ESP"]
[Source "lmi"]
[SourceDate "2012.07.02"]
[WhiteElo "1654"]

1. e4 e5 2. Nf3 Nc6 3. c3 Be7 4. d4 exd4 5. cxd4 d5 6. e5 Bb4+ 7. Bd2 Nge7 8.
Bb5 Bxd2+ 9. Qxd2 O-O 10. O-O Bg4 11. Ne1 a6 12. Ba4 Bh5 13. f4 Qd7 14. Nc3 b5
15. Bc2 Bg6 16. h3 Bxc2 17. Nxc2 f6 18. Rad1 Rad8 19. Ne2 Qe8 20. g4 f5 21. Ng3
h6 22. Ne3 Qg6 23. Qd3 fxg4 24. Qxg6 Nxg6 25. f5 Nge7 26. hxg4 Na5 27. Ne2 Rc8
28. Nf4 c6 29. Ne6 Rfe8 30. Nc5 Rf8 31. Nxa6 Nb7 32. Nb4 Rfd8 33. f6 gxf6 34.
Rxf6 Nf5 35. gxf5 c5 36. Nc6 Rf8 37. Rg6+ Kh7 38. Ne7 Rcd8 39. f6 Rd7 40. Rg7+
Kh8 41. Ng6# 1-0

[Event "España ch sub-12 2012"]
[Site "Salobreña ESP"]
[Date "2012.07.07"]
[Round "9.1"]
[White "Gimenez Aguirre, Alejo Ismael"]
[Black "Lopez Mulet, Iñigo"]
[Result "1-0"]
[WhiteElo "1872"]
[BlackElo "1957"]
[PlyCount "87"]
[EventDate "2012.07.02"]
[EventType "swiss"]
[EventRounds "9"]
[EventCountry "ESP"]
[Source "lmi"]
[SourceDate "2012.07.02"]

1. e4 e6 2. d4 d5 3. Nc3 Nf6 4. e5 Nfd7 5. f4 c5 6. Nf3 Nc6 7. Be3 Be7 8. Be2
cxd4 9. Nxd4 Nc5 10. O-O Bd7 11. a3 a6 12. b4 Nxd4 13. Bxd4 Na4 14. Nxa4 Bxa4
15. Bd3 Qc7 16. Qg4 g6 17. Rac1 Qd7 18. Rfd1 Rc8 19. Rf1 a5 20. c3 Bb5 21. Qe2
Bxd3 22. Qxd3 a4 23. g4 Qc6 24. Kh1 Kd7 25. f5 Rcf8 26. f6 Bd8 27. Bc5 Re8 28.
c4 Bc7 29. Qd4 b6 30. Be7 Rc8 31. Rfd1 Bb8 32. b5 Qb7 33. Kg1 Rc7 34. cxd5 exd5
35. Rxc7+ Bxc7 36. g5 Rc8 37. Qg4+ Ke8 38. e6 Be5 39. Re1 Qc7 40. Qe2 Bxh2+ 41.
Qxh2 Qc3 42. exf7+ Kxf7 43. Qxh7+ Ke8 44. Bb4+ 1-0

[Event "España ch sub-12 2012"]
[Site "Salobreña ESP"]
[Date "2012.07.07"]
[Round "9.2"]
[White "Perez Mondejar, Adler"]
[Black "Muñoz Pelaez, Manuel"]
[Result "1/2-1/2"]
[PlyCount "86"]
[EventDate "2012.07.02"]
[EventType "swiss"]
[EventRounds "9"]
[EventCountry "ESP"]
[Source "lmi"]
[SourceDate "2012.07.02"]
[WhiteElo "1455"]
[BlackElo "1805"]

1. d4 d5 2. Nf3 Nf6 3. e3 Bg4 4. c4 c6 5. Qb3 Qb6 6. Ne5 Nbd7 7. Nxg4 Nxg4 8.
f4 Qxb3 9. axb3 e6 10. c5 a6 11. Nc3 f5 12. Bd2 Kf7 13. Be2 Ngf6 14. h3 h5 15.
Bf3 Be7 16. h4 g6 17. g3 Rab8 18. Ra2 Rhg8 19. Ke2 Rh8 20. Rha1 Rhg8 21. Kd1
Rh8 22. Kc2 Rhc8 23. Ne2 Ne4 24. Ba5 Bd8 25. Bxd8 Rxd8 26. Rg1 Ndf6 27. Nc3 Ke7
28. Kd3 Nf2+ 29. Ke2 N2e4 30. Bxe4 Nxe4 31. Nxe4 dxe4 32. Rga1 Kd7 33. Kd2 Kc7
34. Kc3 Rd7 35. Ra4 Rd5 36. Kc4 Rd7 37. Ra5 Rd5 38. R1a4 Rd7 39. Rb4 Rd5 40.
Rb6 Rd7 41. Kc3 Rd5 42. Ra3 Rd7 43. b4 Rd5 1/2-1/2

[Event "España ch sub-12 2012"]
[Site "Salobreña ESP"]
[Date "2012.07.07"]
[Round "9.3"]
[White "Porta Tovar, Guillem"]
[Black "Nieves Cabanes, Jose Manuel"]
[Result "1/2-1/2"]
[WhiteElo "1846"]
[PlyCount "131"]
[EventDate "2012.07.02"]
[EventType "swiss"]
[EventRounds "9"]
[EventCountry "ESP"]
[Source "lmi"]
[SourceDate "2012.07.02"]
[BlackElo "1874"]

1. e4 c6 2. d4 d5 3. exd5 cxd5 4. Bd3 Nc6 5. c3 Nf6 6. Ne2 Bg4 7. f3 Bh5 8. Nf4
e6 9. Nxh5 Nxh5 10. O-O Bd6 11. f4 Nf6 12. f5 e5 13. dxe5 Bxe5 14. Nd2 O-O 15.
Nf3 d4 16. c4 h6 17. b4 Re8 18. a3 Qd6 19. Nxe5 Nxe5 20. Bf4 Qc6 21. Bxe5 Rxe5
22. Re1 Rae8 23. Rxe5 Rxe5 24. Ra2 Re3 25. Re2 Qe8 26. Qd2 Qe5 27. g3 h5 28.
Qe1 Ng4 29. Rxe3 dxe3 30. Kg2 Qb2+ 31. Qe2 Qxa3 32. b5 Ne5 33. Be4 Qc5 34. Bxb7
Nxc4 35. Be4 Nd6 36. Bd3 Nxf5 37. Qf3 g6 38. Bxf5 Qxf5 39. Qxf5 gxf5 40. Kf3
Kf8 41. Kxe3 Ke7 42. h4 Ke6 43. Kd4 Kd6 44. Kc4 Ke5 45. Kc5 f4 46. gxf4+ Kxf4
47. Kc6 Kg4 48. Kb7 f5 49. Kxa7 f4 50. b6 f3 51. b7 f2 52. b8=Q f1=Q 53. Qb4+
Qf4 54. Qe1 Qf7+ 55. Kb8 Qb3+ 56. Kc8 Qg3 57. Qe4+ Qf4 58. Qe1 Qf8+ 59. Kd7
Qf5+ 60. Ke7 Qh7+ 61. Kd6 Qf5 62. Ke7 Qf3 63. Ke8 Kh3 64. Ke7 Qg4 65. Qh1+ Kg3
66. Qe1+ 1/2-1/2

[Event "España ch sub-12 2012"]
[Site "Salobreña ESP"]
[Date "2012.07.07"]
[Round "9.4"]
[White "Cirera Sancho, Alberto"]
[Black "Jimenez Vado, Yvan"]
[Result "1/2-1/2"]
[WhiteElo "1629"]
[BlackElo "1739"]
[PlyCount "62"]
[EventDate "2012.07.02"]
[EventType "swiss"]
[EventRounds "9"]
[EventCountry "ESP"]
[Source "lmi"]
[SourceDate "2012.07.02"]

1. e4 c5 2. Nc3 d6 3. g3 g6 4. Bg2 Bg7 5. d3 Nc6 6. f4 e6 7. Nf3 Nge7 8. O-O
O-O 9. Qe1 f5 10. h3 Bd7 11. g4 Re8 12. Qh4 Nc8 13. Qxd8 Nxd8 14. Bd2 Nc6 15.
exf5 exf5 16. g5 Nb6 17. Nb5 Re2 18. c3 Bf8 19. Rfe1 Rae8 20. Kf1 Rxe1+ 21.
Rxe1 Rxe1+ 22. Nxe1 a6 23. Nc7 Nd8 24. c4 Nc6 25. Nd5 Nxd5 26. Bxd5+ Kh8 27.
Bc3+ Bg7 28. Nc2 Bxc3 29. bxc3 Nd8 30. Ke2 Be6 31. Ke1 Bc8 1/2-1/2

[Event "España ch sub-12 2012"]
[Site "Salobreña ESP"]
[Date "2012.07.07"]
[Round "9.5"]
[White "Cabrera Valverde, Cristina"]
[Black "Martinez Lopez, Carlos"]
[Result "1-0"]
[WhiteElo "1511"]
[BlackElo "1649"]
[PlyCount "51"]
[EventDate "2012.07.02"]
[EventType "swiss"]
[EventRounds "9"]
[EventCountry "ESP"]
[Source "lmi"]
[SourceDate "2012.07.02"]

1. e4 c5 2. Nf3 Nc6 3. d4 cxd4 4. Nxd4 e5 5. Nb5 d6 6. N1c3 a6 7. Na3 b5 8. Nd5
Be7 9. Be3 Rb8 10. Be2 Nf6 11. Nxf6+ Bxf6 12. O-O O-O 13. Qd2 Be6 14. Rad1 Be7
15. f4 f6 16. f5 Bf7 17. Rf3 g5 18. h4 h6 19. Rdf1 Kg7 20. hxg5 hxg5 21. Bxg5
fxg5 22. f6+ Kg6 23. fxe7 Qxe7 24. Rf6+ Qxf6 25. Rxf6+ Kxf6 26. Qxd6+ 1-0

[Event "España ch sub-12 2012"]
[Site "Salobreña ESP"]
[Date "2012.07.07"]
[Round "9.6"]
[White "Zapata Caparros, Sergio"]
[Black "Bayo Milagro, Alvaro"]
[Result "1/2-1/2"]
[WhiteElo "1653"]
[BlackElo "1856"]
[PlyCount "61"]
[EventDate "2012.07.02"]
[EventType "swiss"]
[EventRounds "9"]
[EventCountry "ESP"]
[Source "lmi"]
[SourceDate "2012.07.02"]

1. d4 Nf6 2. c4 c5 3. d5 e6 4. Nc3 exd5 5. cxd5 d6 6. e4 g6 7. Bd3 Bg7 8. f4
O-O 9. Nf3 a6 10. a4 Re8 11. O-O b6 12. Re1 Bb7 13. Be3 Nbd7 14. Bf2 Qc7 15.
Nd2 Rab8 16. Nc4 Ba8 17. Na3 Bb7 18. Qf3 Bc8 19. Bg3 Nh5 20. h3 Nxg3 21. Qxg3
Nf6 22. Re2 Bb7 23. Rae1 Qd7 24. Qh2 Rbd8 25. Nc4 Qc7 26. Nd2 h6 27. Bc4 Nd7
28. Nf3 Bd4+ 29. Kh1 Nf6 30. g4 Qd7 31. Ng1 1/2-1/2

[Event "España ch sub-12 2012"]
[Site "Salobreña ESP"]
[Date "2012.07.07"]
[Round "9.7"]
[White "Represa Perez, Mireya"]
[Black "Roma Barge, Gabriel"]
[Result "1-0"]
[WhiteElo "1525"]
[PlyCount "94"]
[EventDate "2012.07.02"]
[EventType "swiss"]
[EventRounds "9"]
[EventCountry "ESP"]
[Source "lmi"]
[SourceDate "2012.07.02"]
[BlackElo "1735"]

1. e4 e5 2. Nf3 f5 3. Nxe5 Qf6 4. d4 d6 5. Nc4 fxe4 6. Nc3 Qg6 7. f3 Nf6 8.
fxe4 Be7 9. e5 Ne4 10. Qf3 Nxc3 11. Bd3 Qf7 12. Qxf7+ Kxf7 13. bxc3 Nc6 14.
O-O+ Ke8 15. exd6 cxd6 16. Ba3 Be6 17. Nxd6+ Kd7 18. Nb5 Bxa3 19. Nxa3 Rac8 20.
Rae1 g6 21. Bc4 Bf5 22. Rxf5 gxf5 23. Be6+ Kd8 24. Bxc8 Kxc8 25. Nc4 Kc7 26. d5
b5 27. Na3 b4 28. Nb5+ Kb6 29. dxc6 Kxb5 30. c7 bxc3 31. Re7 Rc8 32. Kf2 Kb4
33. Ke3 Ka3 34. Kd3 Kb2 35. Rxh7 a5 36. a4 Ka3 37. h4 Kxa4 38. Kxc3 Kb5 39. Kb3
a4+ 40. Ka3 Kc4 41. h5 Kd5 42. Rg7 Ke6 43. Rg6+ Kf7 44. Rc6 f4 45. Kxa4 Ke7 46.
Kb5 f3 47. gxf3 Ra8 1-0

[Event "España ch sub-12 2012"]
[Site "Salobreña ESP"]
[Date "2012.07.07"]
[Round "9.8"]
[White "Roig Serralta, Nadal"]
[Black "Larraga Navarro, Adrian"]
[Result "1/2-1/2"]
[WhiteElo "1721"]
[BlackElo "1646"]
[PlyCount "96"]
[EventDate "2012.07.02"]
[EventType "swiss"]
[EventRounds "9"]
[EventCountry "ESP"]
[Source "lmi"]
[SourceDate "2012.07.02"]

1. d4 Nf6 2. Nf3 g6 3. g3 Bg7 4. Bg2 O-O 5. c4 d6 6. O-O Nbd7 7. Nc3 e5 8. Qc2
c6 9. Rd1 Qe7 10. b3 exd4 11. Nxd4 Nc5 12. Ba3 Rd8 13. Bxc6 bxc6 14. Nxc6 Qc7
15. Nxd8 Bf5 16. Qd2 Nfe4 17. Qd5 Rxd8 18. Nb5 Qb6 19. Bxc5 Qxc5 20. Qxc5 Nxc5
21. Nd4 Ne6 22. e3 Nxd4 23. exd4 Rc8 24. Rac1 Bg4 25. Rd2 Bf3 26. Re1 Kf8 27.
Rd3 Bb7 28. f4 Ba6 29. d5 Bb2 30. Kf2 Ba3 31. Kf3 Bb4 32. Re2 Re8 33. Rde3
Rxe3+ 34. Rxe3 Bc5 35. Re2 Ba3 36. Kg4 h6 37. f5 Bc8 38. Kf3 Bxf5 39. g4 Bc8
40. h4 h5 41. gxh5 gxh5 42. Kg3 Bg4 43. Re4 f5 44. Re1 Bb4 45. Rf1 Bd2 46. a3
a5 47. Rb1 f4+ 48. Kf2 f3 1/2-1/2

[Event "España ch sub-12 2012"]
[Site "Salobreña ESP"]
[Date "2012.07.07"]
[Round "9.9"]
[White "Povill Claros, Xavier"]
[Black "Ros Alonso, Jaume"]
[Result "1-0"]
[WhiteElo "1630"]
[BlackElo "1713"]
[PlyCount "75"]
[EventDate "2012.07.02"]
[EventType "swiss"]
[EventRounds "9"]
[EventCountry "ESP"]
[Source "lmi"]
[SourceDate "2012.07.02"]

1. e4 c5 2. b3 Nc6 3. Bb2 d6 4. Bb5 Bd7 5. f4 a6 6. Bxc6 Bxc6 7. Qe2 e6 8. Nf3
Nf6 9. d3 Be7 10. O-O O-O 11. Nbd2 b5 12. Rae1 Re8 13. h3 Bf8 14. g4 Bd7 15.
Nh2 h6 16. Ndf3 Nh7 17. Qg2 Be7 18. f5 exf5 19. gxf5 Bf6 20. Bc1 Kh8 21. Ng4
Ng5 22. Kh1 Nxf3 23. Rxf3 Bd4 24. f6 Bxg4 25. fxg7+ Bxg7 26. Qxg4 Re7 27. Ref1
Raa7 28. Qh4 Kh7 29. Bg5 f6 30. Rxf6 Qe8 31. Rxh6+ Kg8 32. Bxe7 Rxe7 33. Rg1
Qf8 34. Qg3 Rf7 35. Rg6 a5 36. Rxg7+ Rxg7 37. Qxg7+ Qxg7 38. Rxg7+ 1-0

[Event "España ch sub-12 2012"]
[Site "Salobreña ESP"]
[Date "2012.07.07"]
[Round "9.10"]
[White "Lechuga Cabrero, Luis Miguel"]
[Black "Pulido Leon, Manuel"]
[Result "1/2-1/2"]
[WhiteElo "1712"]
[BlackElo "1634"]
[PlyCount "69"]
[EventDate "2012.07.02"]
[EventType "swiss"]
[EventRounds "9"]
[EventCountry "ESP"]
[Source "lmi"]
[SourceDate "2012.07.02"]

1. e4 e6 2. d4 d5 3. exd5 exd5 4. Nf3 Nc6 5. Bd3 Bd6 6. c3 Bg4 7. Be3 Nge7 8.
Nbd2 Qd7 9. Qc2 Bf5 10. Bxf5 Nxf5 11. O-O O-O-O 12. b4 Nxe3 13. fxe3 f6 14. e4
dxe4 15. Nxe4 Ne7 16. a4 Nd5 17. Rfe1 g5 18. b5 Be7 19. Ng3 h5 20. c4 Nb4 21.
Qf5 h4 22. Qxd7+ Rxd7 23. Nf5 Nc2 24. Nxe7+ Rxe7 25. Rxe7 Nxa1 26. Re3 Nc2 27.
Rc3 Nb4 28. Rb3 a5 29. Kf2 g4 30. Ne1 Rd8 31. d5 Re8 32. Re3 Re5 33. Rxe5 fxe5
34. Ke3 Kd7 35. Ke4 1/2-1/2

[Event "España ch sub-12 2012"]
[Site "Salobreña ESP"]
[Date "2012.07.07"]
[Round "9.12"]
[White "Castillo Dalmau, Albert"]
[Black "Plazuelo Pascual, Juan"]
[Result "1/2-1/2"]
[WhiteElo "1466"]
[PlyCount "69"]
[EventDate "2012.07.02"]
[EventType "swiss"]
[EventRounds "9"]
[EventCountry "ESP"]
[Source "lmi"]
[SourceDate "2012.07.02"]
[BlackElo "1703"]

1. Nf3 Nf6 2. g3 g6 3. Bg2 Bg7 4. O-O O-O 5. c4 d6 6. d3 c5 7. Nc3 Nc6 8. a3
Be6 9. Rb1 d5 10. Ng5 Qd7 11. Nxe6 fxe6 12. Qc2 Nd4 13. Qd1 Rad8 14. e3 Nc6 15.
cxd5 exd5 16. Ne2 e5 17. b4 cxb4 18. axb4 d4 19. e4 Rf7 20. f4 Rdf8 21. Qb3 Kh8
22. b5 Nd8 23. fxe5 Ng4 24. Rxf7 Rxf7 25. Bb2 Nxe5 26. Nxd4 b6 27. Bf1 Nb7 28.
Nc6 Nf3+ 29. Kg2 Nd2 30. Bxg7+ Rxg7 31. Qb2 Nxb1 32. Qxb1 Nc5 33. d4 Ne6 34. d5
Nc5 35. Qb4 1/2-1/2

[Event "España ch sub-12 2012"]
[Site "Salobreña ESP"]
[Date "2012.07.07"]
[Round "9.13"]
[White "Escudero Manzano, Sergio"]
[Black "Lacruz Algarate, Alvaro"]
[Result "1-0"]
[WhiteElo "1789"]
[BlackElo "1363"]
[PlyCount "43"]
[EventDate "2012.07.02"]
[EventType "swiss"]
[EventRounds "9"]
[EventCountry "ESP"]
[Source "lmi"]
[SourceDate "2012.07.02"]

1. e4 e6 2. c4 d5 3. exd5 exd5 4. cxd5 Nf6 5. Nc3 Be7 6. Bc4 Nbd7 7. Nge2 O-O
8. O-O Nb6 9. Bb3 Nbxd5 10. d4 c6 11. Nf4 Qd6 12. Nfxd5 Nxd5 13. Nxd5 cxd5 14.
Qf3 Be6 15. Bd2 Rfd8 16. Rac1 Bf6 17. Qd3 Qb6 18. Rc5 a5 19. Be3 a4 20. Bc2 Be7
21. Qxh7+ Kf8 22. Qh8# 1-0